MARC

LEADER 00000nam0a2200000 4500
001 373694
005 20231101050840.0
035 |a (RuTPU)RU\TPU\retro\31124 
035 |a RU\TPU\book\270779 
090 |a 373694 
100 |a 20221216d1974 m y0rusy50 ca 
101 0 |a rus 
102 |a RU 
105 |a a j 000zy 
200 1 |a Задачник по прикладной оптике  |e учебное пособие  |f Б. В. Фефилов 
210 |a Москва  |c Высшая школа  |d 1974 
215 |a 159 с.  |c ил. 
606 1 |a Оптика прикладная  |2 stltpush  |3 (RuTPU)RU\TPU\subj\47151 
610 1 |a законы 
610 1 |a свет 
610 1 |a преломление 
610 1 |a сферические поверхности 
610 1 |a оптические системы 
610 1 |a теория 
610 1 |a пучки 
610 1 |a ограничение 
610 1 |a оптические приборы 
610 1 |a задачи 
610 1 |a решение 
610 1 |a учебные пособия 
675 |a 535.8(075.8)  |v 3 
700 1 |a Фефилов  |b Б. В.  |g Борис Владимирович 
801 1 |a RU  |b 63413507  |c 20140128 
801 2 |a RU  |b 63413507  |c 20221216  |g RCR 
942 |c BK